Регионална библиотека "Любен Каравелов" - Русе

Мечова годинка (Запис номер 329126)

MARC детайли
000 -Лидер
Контролно поле с фиксирана дължина 00814nam a2200265 a 4500
003 - Код на организацията, давaща контролен номер
Контролно поле BLK
005 - Дата и час на последна редакция
Контролно поле 20231121005356.0
008 - Елементи от данни с фиксирана дължина
fixed length control field 190214b bu ||||| |||| 00| 0 bu d
020 ## - Международен стандартен номер на книга ISBN
Международен стандартен номер на книга ISBN 978-954-660-742-3
040 ## - Източник на каталожния запис
Идентификатор на билиотеката - собственик на записа BLK
041 ## - Код за език
Код за езика на текст/звукозапис или на отделно заглавие Български
Код за езика КДБФ Български
080 ## - УДК
Текстов определител УДК Българска литература
УДК код - определител по УДК 821.163.2
УДК определител -93-34
УДК - код + определител 821.163.2-93-34
100 ## - Редна дума - Автор
Автор Жекова, Ангелина Иванова
Дати, свързани с автора 1944-
R(LIN) 366328
139 ## - Редно поле
Редна дума Жекова, Ангелина
Авторски знак Жеко - Ж 32
245 ## - Сведения за заглавието
Заглавие Мечова годинка
260 ## - Област на издателските данни
9 (RLIN) 209558
Място на издаване, разпространение и проч. София
Име на издателя, разпространителя и проч. ПАН
Година на издаване 2016
300 ## - Физическа характеристика
Страници 12 с.
Размери/Мащаб 28 см
380 ## - Жанр
Жанр Детска худож. лит.
700 ## - Други автори (авторска отговорност)
9 (RLIN) 291988
Лично име Танев, Кирил Танев
Автороска отговорност (Описва отношението между автора и произведението) худож.
852 ## - Местоположение
Форматна сигнатура Цб ІІ 25253
Фондова буква Хранилище
999 ## - СИСТЕМНИ КОНТРОЛНИ НОМЕРА
Koha biblionumber 329126
Koha biblioitemnumber 329126
942 ## - АРТИКУЛИ
Вид на библиотечния материал Книги
Скрит в OPAC Не
Koha issues (borrowed), all copies 11
Периодичен библиозапис Да
944 ## - СЪЗДАВАНЕ И РЕДАКЦИЯ на ЗАПИСА
Служител, извършил регистрацията/редакцията
Статус, дата на статуса CRON CRON
999 ## - СИСТЕМНИ КОНТРОЛНИ НОМЕРА
Koha biblioitemnumber 329126
999 ## - СИСТЕМНИ КОНТРОЛНИ НОМЕРА
Koha biblioitemnumber 329126
Наличности
Код за отписване Код за изгубен артикул Източник на класификационната схема Код за повреда Коз за рестрикции Код за отдаване Артикулен № Име на библиотеката - собственик Име на библиотеката, в която се намира в момента Статус (Текущо местоположение) Дата на вписване в системата Местоположение - отдел Цена в лева Систематично азбучна сигнатура Баркод Цена в евро Служебен тип на артикула
Изтеглен Не е изгубен Universal Decimal Classification Не е повреден без рестрикции заемане за дома 689640 Регионална библиотека "Любен Каравелов" Русе Регионална библиотека "Любен Каравелов" Русе Детски отдел 2019-02-19 Детски отдел 2.00 ДХ 886.7/Ж 32 120000830143 1.02 Книги
  Не е изгубен Universal Decimal Classification Не е повреден само за читалня ползва се в читалня 780087 Регионална библиотека "Любен Каравелов" Русе Регионална библиотека "Любен Каравелов" Русе Хранилище 2020-07-03 Хранилище 3.90 Цб ІІ 25253 120000844259 1.99 Книги
Vip Innovations Ltd, Rousse, Bulgaria 2025